000 00499nam a2200193Ia 4500
008 230125s9999 xx 000 0 und d
020 _a0-7689-0415-3
041 _aeng
082 _a153.94
_bROG
100 _aRogers B
_9115058
245 _aTOEFEL success 2001 : Boost your test scores
260 _c2001
_bThomson publication
_aNew York
300 _a568p
500 _aAptitude Tests
500 _aGeneral
650 _aAptitude Tests
700 _aRogers B
_9115058
999 _c92819
_d92819